Solution Manuals Of ADVANCED ENGINEERING MATHEMATICS(E Book ) (Record no. 208943)

000 -LEADER
fixed length control field 00325 a2200133 4500
003 - CONTROL NUMBER IDENTIFIER
control field Nust
005 - DATE AND TIME OF LATEST TRANSACTION
control field 20170207164425.0
040 ## - CATALOGING SOURCE
Transcribing agency Nust
245 ## - TITLE STATEMENT
Title Solution Manuals Of ADVANCED ENGINEERING MATHEMATICS(E Book )
Statement of responsibility, etc. ERWIN KREYSZIG
250 ## - EDITION STATEMENT
Edition statement 9th ed
260 ## - PUBLICATION, DISTRIBUTION, ETC.
Place of publication, distribution, etc. N Y
Name of publisher, distributor, etc. John Wiley & Sons
Date of publication, distribution, etc. 2006.
300 ## - PHYSICAL DESCRIPTION
Extent 417p
500 ## - GENERAL NOTE
General note E Book
942 ## - ADDED ENTRY ELEMENTS (KOHA)
Source of classification or shelving scheme
Koha item type Book
Holdings
Withdrawn status Lost status Source of classification or shelving scheme Damaged status Not for loan Collection code Permanent Location Current Location Date acquired Total Checkouts Full call number Barcode Date last seen Price effective from Koha item type
            Military College of Signals (MCS) Military College of Signals (MCS) 12/12/2016   620 MCSEB-1059 12/08/2016 12/12/2016 Book
© 2023 Central Library, National University of Sciences and Technology. All Rights Reserved.